Logo BPK

Biblioteka

Politechniki Koszalińskiej

Materiały i wyroby budowlane. (Rekord nr 19142)

Szczegóły MARC
000 -ETYKIETA REKORDU
podpole kontrolne o stałej długości 00402nam a2200145 i 4500
001 - NUMER KONTROLNY REKORDU
pole kontrolne bg
040 ## - ŹRÓDŁO KATALOGOWANIA
Instytucja, która utworzyła rekord BPK
041 ## - KOD JĘZYKA
Kod języka tekstu pol
008 - POLE O STAŁEJ DŁUGOŚCI - DANE KONTROLNE
podpole kontrolne o stałej długości s pl f |000 0 pol
100 1# - NAZWA OSOBOWA
Nazwa osobowa MATYSZEWSKI, Tomisław
245 #0 - TYTUŁ/ODPOWIEDZIALNOŚĆ
Tytuł Materiały i wyroby budowlane.
Oznaczenie części/sekcji dzieła Cz. 7,
Tytuł części/sekcji dzieła Wyroby z zapraw /
Pozostałe elementy strefy tytułu i oznaczenia odpowiedzialności Tomisław Matyszewski, Barbara Madeła.
260 ## - STREFA ADRESU WYDAWNICZEGO
Miejsce wydania Szczecin,
Data publikacji, dystrybucji/powstania dokumentu 1979.
700 1# - HASŁO DODATKOWE - NAZWA OSOBOWA
Nazwa osobowa MADEŁA, Barbara
856 ## - LOKALIZACJA I DOSTĘP DO ELEKTRONICZNYCH DOKUMENTÓW ZDALNYCH
Link (URL) http://koha.tu.koszalin.pl/cgi-bin/koha/opac-detail.pl?biblionumber=19142
Tekst linku Katalog online BPK
942 ## - DODATKOWE ELEMENTY (KOHA)
Typ dokumentu Książka
Egzemplarze
Wycofany Status egzemplarza Uszkodzony Dostępność Lokalizacja stała Lokalizacja bieżąca Miejsce przechowywania Sygnatura Kod kreskowy Typ dokumentu
      Dostępny Biblioteka Politechniki Koszalińskiej Biblioteka Politechniki Koszalińskiej Wypożyczalnia BG 26861 01652369 Książka
      Dostępny Biblioteka Politechniki Koszalińskiej Biblioteka Politechniki Koszalińskiej Wypożyczalnia BG 26862 01231472 Książka
© 2023 Biblioteka Politechniki Koszalińskiej :: KOHA